000 00772nam a22002657a 4500
001 BR7804611
003 BR-BrBNA
005 20230928085654.0
007 ta
008 230509b bl.||||| |||| 00| 0 por d
040 _aBR-BrBNA
_bpor
_cBiblioteca Nacional de Agricultura
041 _a(Por)
072 _aA50; A00
_b/G514
090 _ A50 BR7804611
110 1 _aSecretaria do Planejamento e Coordenacao, Goiania, GO (Brasil)
_99087
245 1 _aLista parcial de pesquisas concluidas e em andamento [Pesquisa agricola; Goias; Brasil]
260 3 _aGoiania, GO (Brasil):
_c1978.
300 _a60 p.
650 _aPesquisa
650 _aAgricultura
650 _aPesquisa agricola
650 _aGoias
909 _a202309
_bLucia
_c55
_dLucia Elande
942 _cBK
999 _c25700
_d25700